| 000 | 01364nam0a2200337 4500 | ||
|---|---|---|---|
| 001 | RU\NLR\BIBL_A\022678739 | ||
| 005 | 20260406092438.0 | ||
| 010 |
_a978-5-00252-330-6 _93000 |
||
| 035 | _a(NLR Aleph) 022678739 | ||
| 090 |
_a13544143 _c13544143 |
||
| 100 | _a20260208 rusy50 | ||
| 101 | 0 | _arus | |
| 102 | _aRU | ||
| 105 | _aa z 000ay | ||
| 181 | 0 |
_ai2 _baxxe |
|
| 181 | 0 |
_ab2 _baxxe |
|
| 182 | 0 | _an | |
| 200 | 1 |
_aКак мишутка зиму встречал _e[для чтения взрослыми детям] _fЮлия Весова _g[иллюстрации Анны Мамаевой] |
|
| 203 |
_aТекст _aИзображение _bвизуальные _cнепосредственные |
||
| 210 |
_aМосква _cКлевер-Медиа-Групп, Clever _d2026 (печ. 2025) |
||
| 215 |
_a[33] с. _cцв. ил. _d23 |
||
| 225 | 1 |
_aАроматная книга _e8 запахов |
|
| 333 | _a0+ | ||
| 686 | 0 | _aШ9(2)60=Р7-5 | |
| 700 | 1 |
_7ca _8rus _aВесова _bЮ. _f1985- _gЮлия _3RU\NLR\AUTH\770283428 _92674199 |
|
| 702 | 1 |
_aМамаева _bА. А. _f1987- _gАнна А _4440 |
|
| 942 | _cBOOK | ||
| 980 | _aNB | ||